| 000 | 00673cam a22002173a 4500 | ||
|---|---|---|---|
| 001 | 44484 | ||
| 003 | PGUSA | ||
| 005 | 20140828084021.0 | ||
| 008 | 131221s2013||||xxu|||||s|||||000 | eng d | ||
| 040 |
_aPGUSA _beng |
||
| 042 | _adc | ||
| 100 | 1 |
_aBrereton, F. S. _q(Frederick Sadleir), _d1872- |
|
| 245 | 1 | 0 |
_aWith the Dyaks of Borneo : _bA Tale of the Head Hunters _h[electronic resource] / _cF. S. Brereton |
| 260 |
_bProject Gutenberg, _c2013 |
||
| 506 | _aPublic domain in the USA. | ||
| 516 | _aElectronic text | ||
| 700 | 1 |
_aRainey, W. _q(William), _d1852-1936 |
|
| 830 | 0 |
_aProject Gutenberg _v44484 |
|
| 856 | 4 | 0 | _uhttp://www.gutenberg.org/ebooks/44484 |
| 942 | _cEB | ||
| 999 |
_c273735 _d273735 |
||